[Event "Open A 2011"]
[Site "Panevezys"]
[Date "2011.08.13"]
[Round "6.7"]
[White "Apanaviciute, Kristina"]
[Black "Vanagas, Tadas"]
[Result "0-1"]
[WhiteElo "1974"]
[BlackElo "2081"]
[PlyCount "136"]
[EventDate "2011.08.09"]

1. e4 c5 2. Nc3 Nc6 3. g3 g6 4. Bg2 Bg7 5. d3 e6 6. Be3 b6 7. Nge2 Ba6 8. Qd2
Nd4 9. f4 d6 10. e5 dxe5 11. Bxd4 exd4 12. Bxa8 Qxa8 13. Ne4 f5 14. Nf2 Nf6 15.
O-O-O O-O 16. Rhg1 Nd5 17. Rde1 Qc6 18. Kb1 Rc8 19. c4 dxc3 20. Nxc3 Nxc3+ 21.
bxc3 Qb5+ 22. Qb2 Bxc3 23. Qxb5 Bxb5 24. Rxe6 Bd4 25. Rf1 Kf7 26. Ree1 Bxf2 27.
Rxf2 Bxd3+ 28. Kb2 Rc7 29. h3 b5 30. Kc3 Be4 31. g4 Rd7 32. Kb2 Rd3 33. Rc1 c4
34. Rc3 Rd4 35. Ra3 Rd7 36. g5 Ke6 37. Kc1 Kd6 38. Ra5 Kc6 39. Rb2 Rb7 40. Ra6+
Kc5 41. Ra5 c3 42. Rb3 Kc4 43. Rba3 Re7 44. Rxa7 Bb7 45. Kc2 b4 46. R3a5 Re2+
47. Kd1 c2+ 48. Kc1 Kd3 49. Re5 Be4 50. Rd7+ Ke3 51. Rxe4+ fxe4 52. Rxh7 Kxf4
53. h4 Rh2 54. h5 e3 55. hxg6 e2 56. Rxh2 e1=Q+ 57. Kxc2 Qc3+ 58. Kb1 Qd3+ 59.
Kb2 Qxg6 60. Rh4+ Ke3 61. Rxb4 Qg7+ 62. Kc2 Qxg5 63. a4 Qc5+ 64. Kb3 Kd3 65.
Rb5 Qc3+ 66. Ka2 Kc2 67. Rb7 Qc4+ 68. Ka3 Qc5+ 0-1

[Event "Open A 2011"]
[Site "Panevezys"]
[Date "2011.08.13"]
[Round "6.9"]
[White "Kuvsinov, Anatolij"]
[Black "Milasevicius, Jonas"]
[Result "1/2-1/2"]
[WhiteElo "2007"]
[BlackElo "1952"]
[PlyCount "120"]
[EventDate "2011.08.09"]

1. e4 c5 2. Nf3 g6 3. d3 Bg7 4. c3 Nc6 5. Be3 d6 6. Nbd2 Nf6 7. h3 O-O 8. Be2
b5 9. a4 b4 10. O-O a5 11. d4 cxd4 12. cxd4 Nd7 13. Rc1 Bb7 14. Bb5 Na7 15. Bd3
d5 16. e5 Qb6 17. Nb3 Rfc8 18. Qe2 Bf8 19. Nc5 Nxc5 20. dxc5 Qc7 21. e6 fxe6
22. Ng5 Qe5 23. Qg4 Nc6 24. Nxh7 Qh5 25. Qxh5 gxh5 26. Ng5 e5 27. Bf5 Rd8 28.
Ne6 Kf7 29. Nxd8+ Rxd8 30. Bd3 e4 31. Bb5 Bg7 32. b3 Kg6 33. Rfd1 Bc3 34. Bxc6
Bxc6 35. Rxc3 bxc3 36. Bd4 c2 37. Rc1 Rb8 38. Rxc2 Rxb3 39. Rb2 Rxb2 40. Bxb2
Bxa4 41. Bc3 Bb5 42. Bxa5 d4 43. Kh2 e5 44. Kg3 d3 45. Bd2 Bc6 46. Be3 Kf5 47.
Kh4 Be8 48. g4+ hxg4 49. hxg4+ Kg6 50. Kg3 Bc6 51. Kh2 Bd7 52. g5 Kf5 53. Kg1
Ke6 54. Kg2 Be8 55. Kf1 Kd5 56. Ke1 Kc4 57. Kd1 Ba4+ 58. Kd2 Kd5 59. Kc3 Bb5
60. Kb4 Kc6 1/2-1/2

[Event "Open A 2011"]
[Site "Panevezys"]
[Date "2011.08.13"]
[Round "6.11"]
[White "Novikovas, Anatolijus"]
[Black "Pietinen, Pekka"]
[Result "0-1"]
[WhiteElo "1979"]
[BlackElo "2005"]
[PlyCount "106"]
[EventDate "2011.08.09"]

1. e4 Nf6 2. Nc3 d5 3. e5 Nfd7 4. d4 e6 5. f4 c5 6. Be3 a6 7. Nf3 Nc6 8. Qd2 b5
9. dxc5 Nxc5 10. Nd4 Nxd4 11. Bxd4 Qa5 12. Ne4 Qxd2+ 13. Nxd2 Be7 14. Be2 Bd7
15. c3 O-O 16. O-O Rfc8 17. g4 Na4 18. Rab1 Rab8 19. Rf3 a5 20. Rh3 b4 21. Bd3
g6 22. c4 Bc6 23. b3 Nc3 24. Ra1 a4 25. Bf1 dxc4 26. Nxc4 Rd8 27. Nd6 Bd5 28.
Bxc3 bxc3 29. Rxc3 axb3 30. axb3 Bxd6 31. exd6 Rxd6 32. Ra7 Rxb3 33. Rcc7 e5
34. fxe5 Rd8 35. Rd7 Rxd7 36. Rxd7 Be6 37. Rc7 Re3 38. Kf2 Rxe5 39. Bc4 Bxc4
40. Rxc4 Kg7 41. Kf3 Ra5 42. h4 h6 43. Rb4 Ra3+ 44. Kf4 Rh3 45. h5 gxh5 46. Kf5
Rh4 47. Rb6 hxg4 48. Kf4 h5 49. Kg5 Rh3 50. Rf6 g3 51. Rf1 g2 52. Rg1 Rg3+ 53.
Kf4 h4 0-1

[Event "Open A 2011"]
[Site "Panevezys"]
[Date "2011.08.13"]
[Round "6.12"]
[White "Zebelis, Rimantas"]
[Black "Cernavina, Ksenija"]
[Result "1/2-1/2"]
[WhiteElo "1888"]
[BlackElo "1788"]
[PlyCount "88"]
[EventDate "2011.08.09"]

1. d4 e6 2. c4 f5 3. g3 Nf6 4. Bg2 d5 5. Nd2 c6 6. Ngf3 Bd6 7. O-O O-O 8. b3
Bd7 9. a4 Qe7 10. Qc2 Na6 11. c5 Bc7 12. Ba3 e5 13. dxe5 Bxe5 14. Nxe5 Qxe5 15.
Nf3 Qe8 16. e3 Ne4 17. Nd2 Nc7 18. Rfe1 Qh5 19. Bb2 Ne6 20. b4 N6g5 21. Nf1
Nf3+ 22. Bxf3 Qxf3 23. Qe2 Ng5 24. h4 Qxe2 25. Rxe2 Ne4 26. f3 Nf6 27. Bd4 Be8
28. Kg2 Bh5 29. Rea2 a6 30. Nd2 Nd7 31. Nb3 Rae8 32. Nc1 Ne5 33. Bxe5 Rxe5 34.
Kf2 Rfe8 35. Ra3 h6 36. R1a2 Bf7 37. Rb2 Ra8 38. Ne2 g5 39. Nd4 Bg6 40. f4 gxf4
41. gxf4 Re7 42. Ra1 Rg7 43. Rg1 Kf7 44. Ra1 44... Kf6 {...} 1/2-1/2

[Event "Open A 2011"]
[Site "Panevezys"]
[Date "2011.08.13"]
[Round "6.14"]
[White "Janulynas, Jonas"]
[Black "Lepeskaite, Migle"]
[Result "1-0"]
[WhiteElo "1814"]
[BlackElo "1788"]
[PlyCount "73"]
[EventDate "2011.08.09"]

1. g3 d5 2. Bg2 e5 3. d3 Be6 4. f4 Nd7 5. Nf3 Bd6 6. fxe5 Nxe5 7. O-O c6 8. Ng5
Nf6 9. Nxe6 fxe6 10. d4 Nf7 11. e4 dxe4 12. Nc3 O-O 13. Nxe4 Nxe4 14. Bxe4 Qb6
15. c3 Be5 16. Kh1 Bf6 17. Qg4 Qd8 18. Qh3 g6 19. Qxe6 Kg7 20. Qb3 Nd6 21. Bg2
Qd7 22. Bf4 Nf5 23. Rae1 Rae8 24. Bh3 Nxg3+ 25. Bxg3 Qxh3 26. Qxb7+ Rf7 27.
Qxc6 Rxe1 28. Rxe1 Bxd4 29. Qg2 Qxg2+ 30. Kxg2 Bb6 31. c4 Rd7 32. Kf3 Rd3+ 33.
Ke2 Re3+ 34. Kd1 Rf3 35. Kc2 Kf7 36. b4 Bf2 37. Rf1 1-0

[Event "Open A 2011"]
[Site "Panevezys"]
[Date "2011.08.14"]
[Round "7.3"]
[White "Sakalauskas, Vaidas"]
[Black "Bieliauskas, Marius"]
[Result "1-0"]
[WhiteElo "2404"]
[BlackElo "2137"]
[PlyCount "57"]
[EventDate "2011.08.09"]

1. d4 Nf6 2. c4 g6 3. Nc3 Bg7 4. e4 d6 5. Be2 O-O 6. Nf3 Na6 7. Bg5 h6 8. Bh4
g5 9. Bg3 Nh5 10. Qd2 c5 11. d5 Nxg3 12. hxg3 Nc7 13. Bd3 e6 14. O-O exd5 15.
exd5 f5 16. Rfe1 Qf6 17. Re2 Bd7 18. Rae1 Rf7 19. Nb5 Nxb5 20. cxb5 Qd8 21. Bc4
f4 22. gxf4 g4 23. Ne5 Rf6 24. Nxd7 Qxd7 25. Re7 Qf5 26. g3 Rf7 27. R7e6 Rd7
28. Bd3 Qf8 29. Qe2 1-0

[Event "Open A 2011"]
[Site "Panevezys"]
[Date "2011.08.14"]
[Round "7.4"]
[White "Juknis, Paulius"]
[Black "Tsiganova, Monika"]
[Result "1/2-1/2"]
[WhiteElo "2140"]
[BlackElo "2161"]
[PlyCount "50"]
[EventDate "2011.08.09"]

1. d4 Nf6 2. Nf3 e6 3. e3 c5 4. Bd3 Nc6 5. O-O d5 6. b3 Bd6 7. Bb2 cxd4 8. exd4
Nb4 9. Be2 Qc7 10. c4 O-O 11. a3 Nc6 12. Nc3 a6 13. c5 Bf4 14. g3 Bh6 15. Bc1
Bxc1 16. Rxc1 Ne4 17. Nxe4 dxe4 18. Nd2 Nxd4 19. Nxe4 Nxe2+ 20. Qxe2 Bd7 21.
Nd6 Bc6 22. b4 Rad8 23. Rfe1 Bd5 24. a4 Rd7 25. Nc4 Bxc4 1/2-1/2

[Event "Open A 2011"]
[Site "Panevezys"]
[Date "2011.08.14"]
[Round "7.5"]
[White "Khamitskiy, Sergei"]
[Black "Vanagas, Tadas"]
[Result "1-0"]
[WhiteElo "2316"]
[BlackElo "2081"]
[PlyCount "157"]
[EventDate "2011.08.09"]

1. d4 d5 2. c4 dxc4 3. Nf3 Nf6 4. Nc3 Bf5 5. e3 e6 6. Bxc4 c5 7. O-O Nc6 8. Qe2
Be7 9. Rd1 Qc8 10. h3 cxd4 11. exd4 O-O 12. Bf4 Na5 13. Bd3 Bxd3 14. Rxd3 Rd8
15. d5 Qc4 16. Qd2 Nxd5 17. Nxd5 Rxd5 18. Rxd5 Qxd5 19. Qxd5 exd5 20. Rd1 Nc6
21. Rxd5 Rd8 22. Rb5 Rd1+ 23. Kh2 Rd7 24. Be3 f6 25. g3 Kf7 26. Kg2 g6 27. Kf1
Ke6 28. Ke2 Bf8 29. Rb3 Be7 30. Rc3 Rd5 31. Rb3 Rd7 32. Ne1 b6 33. Nd3 Nd4+ 34.
Bxd4 Rxd4 35. Rc3 Kd7 36. Ke3 Rd5 37. Rc4 Rh5 38. h4 Rd5 39. f4 Rd6 40. g4 Re6+
41. Kf3 Rd6 42. Ke3 Re6+ 43. Kd2 Rc6 44. Ra4 a5 45. f5 Ke8 46. h5 gxf5 47. gxf5
Kf7 48. Rd4 Rc8 49. Rd7 Rg8 50. Nf4 Ke8 51. Rb7 Rg5 52. Ne6 Rg2+ 53. Kc3 Bb4+
54. Kb3 Rg3+ 55. Kc4 Rg2 56. a3 Bc5 57. Nxc5 Rc2+ 58. Kd5 Rxc5+ 59. Kd6 Rxf5
60. h6 Rh5 61. Ke6 Kd8 62. Rd7+ Kc8 63. Rxh7 f5 64. Kf6 f4 65. Kg6 Rh2 66. Rf7
Rxb2 67. h7 Rh2 68. Rf8+ Kc7 69. h8=Q Rxh8 70. Rxh8 Kc6 71. Kf5 Kb5 72. Kxf4
Kc4 73. Ke4 b5 74. Rb8 a4 75. Ke3 Kb3 76. Kd3 Kxa3 77. Rxb5 Ka2 78. Kc3 Ka3 79.
Ra5 1-0

[Event "Open A 2011"]
[Site "Panevezys"]
[Date "2011.08.14"]
[Round "7.6"]
[White "Ottolini, Graziano"]
[Black "Kudzma, Laimonas"]
[Result "1-0"]
[WhiteElo "2049"]
[BlackElo "2187"]
[PlyCount "167"]
[EventDate "2011.08.09"]

1. e4 d6 2. d4 Nf6 3. Nc3 e5 4. dxe5 dxe5 5. Qxd8+ Kxd8 6. Bg5 Bd6 7. Bc4 Be6
8. Bxe6 fxe6 9. O-O-O Ke7 10. Nge2 h6 11. Bh4 Nbd7 12. f3 a6 13. Kb1 Raf8 14.
Rhf1 Rhg8 15. Bg3 Nh5 16. h3 Nxg3 17. Nxg3 Rf7 18. Rfe1 Nf8 19. Nce2 Ng6 20.
Nc1 Nf4 21. Rd2 g5 22. Nf1 h5 23. Ne3 b5 24. Nd3 Rff8 25. c4 Nxd3 26. Rxd3 Bc5
27. cxb5 axb5 28. Rc1 Bd6 29. Rdc3 Kd7 30. Rd1 Rb8 31. Rc2 Rb6 32. Rdc1 Ra8 33.
Rd1 Ra4 34. Nf1 Rb8 35. Ng3 Rh8 36. Ne2 Rha8 37. Nc3 Rc4 38. Nxb5 Rxc2 39. Kxc2
Rxa2 40. Na3 Kc6 41. Kb3 Bxa3 42. Kxa2 Bd6 43. Kb3 h4 44. Kc4 Kb6 45. Ra1 Kb7
46. b4 c6 47. Rg1 Bb8 48. g3 Ba7 49. Rg2 hxg3 50. Rxg3 Be3 51. Rg4 Kc7 52. h4
gxh4 53. Rxh4 Kd6 54. Rh7 Bf2 55. Rh8 Bb6 56. Ra8 Kd7 57. Ra6 Bf2 58. Ra5 Kd6
59. b5 cxb5+ 60. Kxb5 Kd7 61. Ka6 Bg3 62. Kb7 Bf4 63. Ra3 Bg3 64. Rd3+ Ke7 65.
Kc6 Be1 66. Rb3 Bf2 67. Rb7+ Kf6 68. Kd7 Bc5 69. Rc7 Bd4 70. Rc6 Kg5 71. Rxe6
Kf4 72. Rf6+ Ke3 73. Kd6 Bb2 74. Rf5 Bc3 75. Rxe5 Kxf3 76. Re8 Kf4 77. e5 Kf5
78. Rf8+ Ke4 79. Re8 Kf5 80. e6 Kf6 81. Rf8+ Kg7 82. Rf1 Bb4+ 83. Kd7 Bf8 84.
e7 1-0

[Event "Open A 2011"]
[Site "Panevezys"]
[Date "2011.08.14"]
[Round "7.7"]
[White "Milasevicius, Jonas"]
[Black "Zanetti, Alberto"]
[Result "0-1"]
[WhiteElo "1952"]
[BlackElo "2183"]
[PlyCount "104"]
[EventDate "2011.08.09"]

1. d4 Nf6 2. Nf3 e6 3. Bg5 b6 4. e3 Bb7 5. Bd3 Be7 6. O-O O-O 7. Nbd2 d5 8. c3
Nbd7 9. Qe2 Ne4 10. Bxe7 Qxe7 11. c4 c5 12. cxd5 exd5 13. Ba6 Rab8 14. Rac1
Rfe8 15. Rfd1 c4 16. Bxb7 Rxb7 17. Nb1 b5 18. Nfd2 f5 19. Nxe4 fxe4 20. Nc3 Nf6
21. Re1 Qd7 22. f3 b4 23. Nd1 a5 24. Nf2 a4 25. fxe4 Nxe4 26. Nxe4 Rxe4 27. Qf3
Qe6 28. Rf1 h6 29. Qf8+ Kh7 30. Qf5+ g6 31. Qxe6 Rxe6 32. Kf2 Rbe7 33. Rfe1 g5
34. Re2 Kg6 35. h3 h5 36. Rf1 Rf7+ 37. Ke1 Rxf1+ 38. Kxf1 Rb6 39. Ke1 b3 40.
axb3 Rxb3 41. Kd1 Kf5 42. g4+ hxg4 43. hxg4+ Kxg4 44. e4 dxe4 45. Rxe4+ Kf3 46.
Re5 g4 47. Rf5+ Ke4 48. Rg5 Kf4 49. Ra5 g3 50. Ra8 g2 51. Rg8 Rxb2 52. Kc1 Rf2
0-1

[Event "Open A 2011"]
[Site "Panevezys"]
[Date "2011.08.14"]
[Round "7.10"]
[White "Barsciauskas, Gintautas"]
[Black "Kuvsinov, Anatolij"]
[Result "0-1"]
[WhiteElo "1854"]
[BlackElo "2007"]
[PlyCount "103"]
[EventDate "2011.08.09"]

1. e4 e5 2. Nf3 Nc6 3. Bb5 a6 4. Ba4 d6 5. h3 Nf6 6. d3 Be7 7. c3 O-O 8. O-O h6
9. Bc2 Nh7 10. Nh2 d5 11. Be3 Ng5 12. f4 exf4 13. Bxf4 dxe4 14. dxe4 Qxd1 15.
Rxd1 Bc5+ 16. Kh1 Ne6 17. Bg3 b5 18. b4 Bb6 19. a4 Bb7 20. axb5 axb5 21. Na3
Na7 22. Bd3 Rfd8 23. Nf3 Nc8 24. e5 c5 25. Nc2 Rxa1 26. Nxa1 c4 27. Bc2 Rxd1+
28. Bxd1 Ne7 29. Nc2 Nf5 30. Be1 Nf4 31. Kh2 g5 32. g4 Ne3 33. Nxe3 Bxe3 34.
Nd4 Nd3 35. Bg3 Bxd4 36. cxd4 Nxb4 37. h4 c3 38. Be1 c2 39. Bxc2 Nxc2 40. Bc3
Ne3 41. Kg3 gxh4+ 42. Kxh4 Bc8 43. g5 hxg5+ 44. Kxg5 Be6 45. Bd2 Nd5 46. Kh4 b4
47. Kg3 b3 48. Bc1 Nb4 49. Kf3 Nd3 50. Ba3 b2 51. Bxb2 Nxb2 52. Ke4 0-1

[Event "Open A 2011"]
[Site "Panevezys"]
[Date "2011.08.14"]
[Round "7.13"]
[White "Cernavina, Ksenija"]
[Black "Janulynas, Jonas"]
[Result "0-1"]
[WhiteElo "1788"]
[BlackElo "1814"]
[PlyCount "70"]
[EventDate "2011.08.09"]

1. d4 Nf6 2. c4 e5 3. dxe5 Ng4 4. Bf4 Bb4+ 5. Nd2 d6 6. a3 dxe5 7. axb4 exf4 8.
Ngf3 O-O 9. g3 fxg3 10. hxg3 Bf5 11. e4 Re8 12. Qc2 Qe7 13. Bd3 Nc6 14. Ra4
Nxb4 15. Rxb4 Qxb4 16. O-O Bg6 17. Nh4 Ne5 18. Ndf3 Nxd3 19. Qxd3 Bxe4 20. Qd4
c5 21. Qd7 Rad8 22. Qc7 Qxc4 23. Ne5 Qe6 24. f4 c4 25. Nhf3 Bxf3 26. Rxf3 Qb6+
27. Qxb6 axb6 28. Nxc4 b5 29. Ne5 Rd1+ 30. Kf2 Rd2+ 31. Kf1 Rxb2 32. Rd3 f6 33.
Ng4 Rc8 34. Rd1 Rc3 35. Re1 Rf3+ 0-1

[Event "Open A 2011"]
[Site "Panevezys"]
[Date "2011.08.14"]
[Round "7.14"]
[White "Zito, Riccardo"]
[Black "Zebelis, Rimantas"]
[Result "0-1"]
[WhiteElo "1730"]
[BlackElo "1888"]
[PlyCount "58"]
[EventDate "2011.08.09"]

1. e4 g6 2. d4 Bg7 3. c3 d6 4. Bd3 Nf6 5. Nf3 Bg4 6. h3 Bxf3 7. Qxf3 O-O 8. Be3
Nbd7 9. Nd2 e5 10. d5 c6 11. c4 Qe7 12. g4 Nc5 13. Bxc5 dxc5 14. O-O-O cxd5 15.
cxd5 Rab8 16. Bc2 b5 17. Qa3 Rfc8 18. Rhe1 Ne8 19. Qe3 Nd6 20. Nb3 Nc4 21. Qe2
a5 22. Bd3 Nxb2 23. Kxb2 c4 24. Nxa5 Qb4+ 25. Nb3 cxb3 26. axb3 Ra8 27. Bc4
bxc4 28. Qe3 Qa3+ 29. Kc2 Qa2+ 0-1

[Event "Open A 2011"]
[Site "Panevezys"]
[Date "2011.08.14"]
[Round "8.3"]
[White "Beinoras, Mindaugas"]
[Black "Tsiganova, Monika"]
[Result "1-0"]
[WhiteElo "2331"]
[BlackElo "2161"]
[PlyCount "65"]
[EventDate "2011.08.09"]

1. d4 Nf6 2. c4 g6 3. Nc3 Bg7 4. g3 O-O 5. Bg2 c6 6. e4 d6 7. Nge2 e5 8. O-O
Na6 9. h3 exd4 10. Nxd4 Re8 11. Re1 Nc5 12. Rb1 a5 13. b3 Qb6 14. Nc2 Nfd7 15.
Re3 Ne5 16. Qxd6 Rd8 17. Nd5 Rxd6 18. Nxb6 Rd1+ 19. Re1 Rxc1 20. Rbxc1 Rb8 21.
Nxc8 Rxc8 22. Rcd1 Ned3 23. Re3 Nb2 24. Rd2 b5 25. cxb5 cxb5 26. Bf1 b4 27. e5
Re8 28. Nd4 Rd8 29. Rxb2 Rxd4 30. Rc2 Ne4 31. Rc8+ Bf8 32. e6 Kg7 33. Rc7 1-0

[Event "Open A 2011"]
[Site "Panevezys"]
[Date "2011.08.14"]
[Round "8.4"]
[White "Zanetti, Alberto"]
[Black "Juknis, Paulius"]
[Result "1/2-1/2"]
[WhiteElo "2183"]
[BlackElo "2140"]
[PlyCount "39"]
[EventDate "2011.08.09"]

1. e4 c5 2. Nf3 g6 3. d4 cxd4 4. Nxd4 Nc6 5. c4 Nf6 6. Nc3 d6 7. Be2 Nxd4 8.
Qxd4 Bg7 9. O-O O-O 10. Bg5 Be6 11. Qd2 Qa5 12. f3 Rfc8 13. b3 a6 14. Rac1 b5
15. Nd5 Qxd2 16. Bxd2 Nxd5 17. cxd5 Bd4+ 18. Kh1 Bd7 19. Rxc8+ Rxc8 20. Rc1
1/2-1/2

[Event "Open A 2011"]
[Site "Panevezys"]
[Date "2011.08.14"]
[Round "8.5"]
[White "Bieliauskas, Marius"]
[Black "Ottolini, Graziano"]
[Result "1-0"]
[WhiteElo "2137"]
[BlackElo "2049"]
[PlyCount "105"]
[EventDate "2011.08.09"]

1. d4 Nf6 2. c4 g6 3. Nc3 d5 4. Nf3 Bg7 5. Bg5 c6 6. e3 O-O 7. Qb3 dxc4 8. Bxc4
Nbd7 9. O-O Qb6 10. Qc2 Re8 11. Bf4 Nh5 12. Ng5 e6 13. Bd6 Qd8 14. Nf3 Nb6 15.
Ne4 Nxc4 16. Qxc4 f5 17. Ne5 fxe4 18. Bb4 Qd5 19. Qe2 Bxe5 20. dxe5 Qxe5 21.
Bc3 Qb5 22. Qg4 Qf5 23. Qd1 e5 24. f4 exf3 25. Rxf3 Qg5 26. Qb3+ Be6 27. Qxb7
Bd5 28. e4 Nf4 29. Rxf4 Qxf4 30. exd5 Qe3+ 31. Kh1 Rf8 32. dxc6 Qe2 33. Rg1
Rad8 34. c7 Rc8 35. Qd5+ Rf7 36. Bxe5 Qf2 37. h3 Qf5 38. Re1 Re8 39. Rc1 Rc8
40. b4 Qd7 41. Qc4 Qf5 42. Bg3 h6 43. Rd1 Kh7 44. Kh2 h5 45. Rd8 Rf8 46. Qd4 a6
47. a4 g5 48. Rd5 Qg6 49. b5 axb5 50. axb5 h4 51. Bd6 Rf1 52. b6 Rb1 53. Bc5
1-0

[Event "Open A 2011"]
[Site "Panevezys"]
[Date "2011.08.14"]
[Round "8.8"]
[White "Kudzma, Laimonas"]
[Black "Kuvsinov, Anatolij"]
[Result "1-0"]
[WhiteElo "2187"]
[BlackElo "2007"]
[PlyCount "103"]
[EventDate "2011.08.09"]

1. Nf3 d6 2. d4 g6 3. e4 Bg7 4. Nc3 Nf6 5. h3 O-O 6. Be2 Nc6 7. Be3 a6 8. a4 e5
9. O-O exd4 10. Nxd4 Re8 11. Nxc6 bxc6 12. Bf3 Nd7 13. Qd2 Ne5 14. Be2 Be6 15.
b3 c5 16. Nd5 Nc6 17. Bg5 f6 18. Be3 Qd7 19. Rad1 Kh8 20. Rfe1 f5 21. exf5 Bxf5
22. Bg5 Nd4 23. Bd3 Rxe1+ 24. Rxe1 Bxd3 25. Qxd3 Re8 26. Rxe8+ Qxe8 27. Be3 Qf7
28. Bxd4 Bxd4 29. Ne3 Qe6 30. Qc4 Qxc4 31. Nxc4 Kg7 32. g3 Kf7 33. Kg2 Ke6 34.
f4 d5 35. Nd2 Be3 36. Nf1 Bc1 37. Kf3 h5 38. g4 hxg4+ 39. hxg4 Bb2 40. Ng3 a5
41. Ne2 Bg7 42. Ke3 c4 43. bxc4 dxc4 44. Ke4 c6 45. Nd4+ Kd6 46. g5 Bh8 47. Nf3
Ke6 48. Nd2 Kd6 49. Nxc4+ Kc5 50. Nxa5 Bc3 51. Nb3+ Kb4 52. a5 1-0

[Event "Open A 2011"]
[Site "Panevezys"]
[Date "2011.08.14"]
[Round "8.9"]
[White "Apanaviciute, Kristina"]
[Black "Zebelis, Rimantas"]
[Result "0-1"]
[WhiteElo "1974"]
[BlackElo "1888"]
[PlyCount "206"]
[EventDate "2011.08.09"]

1. e4 c5 2. Nc3 Nc6 3. g3 Nf6 4. Bg2 d6 5. d3 g6 6. h3 Bg7 7. Nf3 e6 8. O-O O-O
9. Be3 Qc7 10. Qd2 Re8 11. Nh4 a6 12. a3 Nd4 13. Rab1 Rb8 14. f4 b6 15. Ne2
Nxe2+ 16. Qxe2 Bb7 17. c3 b5 18. Rf2 c4 19. Bd2 cxd3 20. Qxd3 d5 21. e5 Ne4 22.
Rff1 Red8 23. Be1 Bf8 24. Kh2 Qb6 25. Nf3 Bc5 26. Nd4 Bxd4 27. cxd4 a5 28. b4
a4 29. Rc1 Rbc8 30. Bd2 Rc4 31. Be3 Rdc8 32. Rxc4 bxc4 33. Qc2 Qb5 34. Bxe4
dxe4 35. Qc3 Bd5 36. Rc1 Kg7 37. Qd2 f6 38. g4 f5 39. gxf5 exf5 40. Rc3 Qd7 41.
Qd1 Kf8 42. Qg1 Qe7 43. Qg5 Qf7 44. Kg2 Ke8 45. Kf2 Kd7 46. Ke2 Kc6 47. Bf2 Rc7
48. Qd8 Kb7 49. Bh4 h6 50. Qf6 Be6 51. Qxf7 Rxf7 52. Ke3 Kc6 53. Bf6 Kd5 54. h4
Rc7 55. Bd8 Rc8 56. Be7 Kc6 57. Rc1 Kd7 58. Bd6 Kc6 59. Rc3 Bd5 60. Be7 Kd7 61.
Bf6 Rg8 62. Kf2 Be6 63. Ke3 Bd5 64. Kf2 Rc8 65. Ke3 Ke6 66. Kf2 Rc7 67. Ke3 Rh7
68. Rc1 Rc7 69. Rc3 Bb7 70. Kd2 Kd5 71. Ke3 Bc8 72. Bd8 Rh7 73. Rc1 Rd7 74. Bf6
Rc7 75. Bd8 Rc6 76. b5 Re6 77. b6 Bb7 78. Rb1 Kc6 79. Rb4 Kd7 80. Bc7 c3 81.
Bd6 Re8 82. Rc4 Rc8 83. Bc7 g5 84. fxg5 hxg5 85. hxg5 Rh8 86. Bd6 Rh3+ 87. Ke2
Ba6 88. Kd1 Bxc4 89. b7 Bd3 90. Ke1 Rh1+ 91. Kf2 Rb1 92. Bb4 Rxb4 93. axb4 Kc7
94. e6 Bc4 95. e7 Bf7 96. d5 Kxb7 97. d6 Kc8 98. Ke2 a3 99. b5 a2 100. b6 a1=Q
101. b7+ Kxb7 102. d7 Qb2+ 103. Kf1 Qb5+ 0-1

[Event "Open A 2011"]
[Site "Panevezys"]
[Date "2011.08.14"]
[Round "8.11"]
[White "Vaitonis, Vytautas"]
[Black "Lepeskaite, Migle"]
[Result "1-0"]
[WhiteElo "2013"]
[BlackElo "1788"]
[PlyCount "91"]
[EventDate "2011.08.09"]

1. d4 d5 2. Nf3 Nf6 3. c4 e6 4. g3 dxc4 5. Qa4+ Nbd7 6. Qxc4 a6 7. Bg2 b5 8.
Qc2 Bb7 9. O-O c5 10. e3 Rc8 11. Qe2 Qb6 12. Nbd2 Be7 13. b3 Ne4 14. Bb2 Ndf6
15. Nxe4 Bxe4 16. dxc5 Bxc5 17. Rac1 Rd8 18. Nd4 O-O 19. Bxe4 Nxe4 20. Qg4 Nf6
21. Qf3 Rd5 22. Rc2 e5 23. Ne2 Rfd8 24. Nc3 Rd2 25. Rxd2 Rxd2 26. Ba1 h6 27.
Ne4 Rxa2 28. Bxe5 Nxe4 29. Qxe4 Qe6 30. Rc1 Bf8 31. Qd4 f6 32. Bb8 Qxb3 33. e4
Qb2 34. Qd5+ Kh8 35. Rf1 Ra1 36. Qa8 Rxf1+ 37. Kxf1 Qa3 38. e5 Qa1+ 39. Kg2 Kh7
40. Qe4+ g6 41. Qb7+ Kg8 42. e6 Qa3 43. Qf7+ Kh8 44. Qxf6+ Kh7 45. Qf7+ Kh8 46.
Be5+ 1-0

[Event "Open A 2011"]
[Site "Panevezys"]
[Date "2011.08.14"]
[Round "8.12"]
[White "Janulynas, Jonas"]
[Black "Barsciauskas, Gintautas"]
[Result "1-0"]
[WhiteElo "1814"]
[BlackElo "1854"]
[PlyCount "115"]
[EventDate "2011.08.09"]

1. e4 e5 2. Nf3 Nc6 3. Bc4 d6 4. c3 Be7 5. O-O Nf6 6. Re1 O-O 7. d3 Na5 8. Nbd2
c5 9. b4 Nxc4 10. Nxc4 b5 11. Ne3 Qc7 12. Bb2 c4 13. dxc4 bxc4 14. Qe2 Nxe4 15.
Nd5 Nxc3 16. Bxc3 Qd7 17. Nxe7+ Qxe7 18. Qxc4 Bb7 19. Qh4 f6 20. Re3 Qf7 21.
Nd2 d5 22. Ree1 Rfc8 23. Rec1 Rc7 24. Nb3 Rac8 25. Nc5 Ba8 26. Qg4 Re8 27. Bd2
h5 28. Qd1 g6 29. Nb3 Rd7 30. Rc5 Kg7 31. Rac1 d4 32. f3 h4 33. Rc8 Bd5 34.
Rxe8 Qxe8 35. Qc2 h3 36. Qc8 Qe7 37. Nc5 Rd8 38. Qxh3 Rh8 39. Qd7 Qxd7 40. Nxd7
Ra8 41. Rc7 Bf7 42. h4 a6 43. Kf2 Re8 44. Nc5 Ra8 45. a4 Kg8 46. Rc6 f5 47.
Rxa6 Re8 48. Rd6 Kg7 49. a5 Re7 50. Rd7 Kf8 51. b5 Ke8 52. Rxe7+ Kxe7 53. b6
Kd6 54. Nb7+ Kd7 55. a6 Bd5 56. Nc5+ Kc8 57. b7+ Kc7 58. Nd7 1-0

[Event "Open A 2011"]
[Site "Panevezys"]
[Date "2011.08.14"]
[Round "8.13"]
[White "Vanagaite, Giedre"]
[Black "Zito, Riccardo"]
[Result "1-0"]
[WhiteElo "1942"]
[BlackElo "1730"]
[PlyCount "91"]
[EventDate "2011.08.09"]

1. e4 e6 2. d4 d5 3. Nc3 h6 4. Bd3 Nf6 5. Nge2 Be7 6. O-O O-O 7. Be3 dxe4 8.
Nxe4 Bd7 9. c4 Bc6 10. Nxf6+ Bxf6 11. Bc2 Bg5 12. Qd3 g6 13. Nf4 Qf6 14. Nh3
Bxe3 15. fxe3 Qg7 16. Nf2 Rd8 17. Qe2 Nd7 18. Rad1 Nf8 19. Nd3 Be8 20. Rf3 Nh7
21. Rdf1 b6 22. b3 Rac8 23. Ne5 f5 24. g4 Ng5 25. Rg3 c5 26. gxf5 exf5 27. h4
Ne4 28. Bxe4 fxe4 29. Qg2 Rd6 30. Qxe4 cxd4 31. exd4 Rcd8 32. d5 Kh8 33. Rf2
Rf6 34. Rxf6 Qxf6 35. Nxg6+ Bxg6 36. Qxg6 Qxg6 37. Rxg6 Kh7 38. Re6 h5 39. Re7+
Kg6 40. Rxa7 Kf5 41. Rg7 Kf6 42. Rg5 Rh8 43. Kf2 Ke7 44. Ke3 Kd6 45. Kd4 Rh6
46. b4 1-0

[Event "Open A 2011"]
[Site "Panevezys"]
[Date "2011.08.14"]
[Round "8.14"]
[White "Novikovas, Anatolijus"]
[Black "Cernavina, Ksenija"]
[Result "1-0"]
[WhiteElo "1979"]
[BlackElo "1788"]
[PlyCount "103"]
[EventDate "2011.08.09"]

1. e4 c5 2. Nf3 d6 3. d4 cxd4 4. Nxd4 Nf6 5. Nc3 a6 6. Bg5 e6 7. f4 Nbd7 8. Qf3
Qc7 9. O-O-O Rb8 10. g4 h6 11. Bxf6 Nxf6 12. g5 Nd7 13. g6 Nc5 14. gxf7+ Qxf7
15. f5 e5 16. Nb3 Nxb3+ 17. axb3 b5 18. Bh3 Be7 19. Bg4 h5 20. Bh3 Bg5+ 21. Kb1
Rh6 22. Rhg1 Bd8 23. Qg3 Kf8 24. Nd5 Bb7 25. Bf1 Bxd5 26. Rxd5 Qc7 27. Be2 Rc8
28. Bd1 Rb8 29. Qf3 Bf6 30. Rg6 Rxg6 31. fxg6 h4 32. Qg4 Ke7 33. Be2 Rc8 34.
Rd2 Rb8 35. Rd3 b4 36. Rh3 a5 37. Bc4 Qc8 38. Qf3 Qd7 39. Qd3 Rf8 40. Rf3 Qc6
41. Bd5 Qb6 42. Qd1 Qc5 43. Rd3 Re8 44. Bc4 Ra8 45. Rd5 Qc7 46. Rb5 Rb8 47. Qd5
Rxb5 48. Qf7+ Kd8 49. Qf8+ Kd7 50. Bxb5+ Ke6 51. Qe8+ Be7 52. Qf7# 1-0

[Event "Open A 2011"]
[Site "Panevezys"]
[Date "2011.08.15"]
[Round "9.1"]
[White "Juknis, Paulius"]
[Black "Krivonosov, Oleg"]
[Result "1/2-1/2"]
[WhiteElo "2140"]
[BlackElo "2448"]
[PlyCount "93"]
[EventDate "2011.08.09"]

1. e4 e5 2. Nf3 Nc6 3. Bc4 Nf6 4. Ng5 d5 5. exd5 Na5 6. Bb5+ Bd7 7. Qe2 Be7 8.
Nc3 O-O 9. O-O Bxb5 10. Qxb5 c6 11. dxc6 Nxc6 12. Qe2 Nd4 13. Qd1 Nd5 14. Nf3
Nb4 15. Ne1 Rc8 16. b3 f5 17. a3 Nd5 18. Nxd5 Qxd5 19. d3 Rfd8 20. Bb2 Bf6 21.
c4 Qd7 22. Rb1 b5 23. Bxd4 Qxd4 24. Qe2 a6 25. Kh1 bxc4 26. dxc4 Qd2 27. Qf3 g6
28. g4 e4 29. Qh3 Qf4 30. Ng2 Qxg4 31. Qxg4 fxg4 32. Ne3 Rd3 33. Nxg4 Be7 34.
Ne5 Rd2 35. a4 Bc5 36. Ng4 Rf8 37. Rbd1 Rxd1 38. Rxd1 h5 39. Rd5 Bxf2 40. Nxf2
Rxf2 41. Re5 Rb2 42. Rxe4 Rxb3 43. Re6 Kf7 44. Rxa6 Rc3 45. Rc6 Ra3 46. Ra6 Rc3
47. Rc6 1/2-1/2